Lập tức hành động
Bạn chính la người đặc biệt, duy nhất, vĩ đại, có năng lực vô hạn, bạ có năng lực để thay đổi cuộc sống của chính mình, có năng lực để tạo ra những cái hoàn toàn mới. Tự hào vì ước mơ của bạn, nghe theo những chỉ dẫn của bản thân, vi...
Sparad:
| Huvudupphovsman: | |
|---|---|
| Materialtyp: | Bok |
| Språk: | Undetermined |
| Publicerad: |
Thành phố Hồ Chí Minh
Tổng hợp Thành phố Hồ Chí Minh
2009
|
| Ämnen: | |
| Taggar: |
Lägg till en tagg
Inga taggar, Lägg till första taggen!
|
| Thư viện lưu trữ: | Trung tâm Học liệu Trường Đại học Cần Thơ |
|---|
| LEADER | 01044nam a2200193Ia 4500 | ||
|---|---|---|---|
| 001 | CTU_159020 | ||
| 008 | 210402s9999 xx 000 0 und d | ||
| 020 | |c 38000 | ||
| 082 | |a 303.37 | ||
| 082 | |b Qu523 | ||
| 100 | |a Quý Long | ||
| 245 | 0 | |a Lập tức hành động | |
| 245 | 0 | |c Quý Long | |
| 260 | |a Thành phố Hồ Chí Minh | ||
| 260 | |b Tổng hợp Thành phố Hồ Chí Minh | ||
| 260 | |c 2009 | ||
| 520 | |a Bạn chính la người đặc biệt, duy nhất, vĩ đại, có năng lực vô hạn, bạ có năng lực để thay đổi cuộc sống của chính mình, có năng lực để tạo ra những cái hoàn toàn mới. Tự hào vì ước mơ của bạn, nghe theo những chỉ dẫn của bản thân, vì vậy bạn từ từ tìm được con đường thích hợp cho bản thân. | ||
| 650 | |a Social integration,Hoà nhập xã hội | ||
| 980 | |a Trung tâm Học liệu Trường Đại học Cần Thơ | ||